Quizzes
Events
Quiz Creation
Community
Videos
Private Events
Remove Ads
Sign In
Join for FREE
Feedback
Dark Mode
Quiz Categories
Sports
Geography
Music
Movies
Television
Just For Fun
Miscellaneous
History
Literature
Language
Science
Gaming
Entertainment
Religion
Holiday
For Kids
Quiz Lab
Recent
Popular Today
Quiz Kudos Today
Editor Picks
Curator Picks
Quizzes by...
Day
Popularity
Type
Ratings
Length
Year
Community
Subscriptions
Recent Discussions
Orange Saloon
Badges
Playlists
Quests
Create
Leaderboards
Showdown
Live 5
Trivia Bingo
Activity
Puzzle Library
Sporcle Events
Private Events
Virtual Trivia
Globe League
Become a Host
Pub Owners
SporcleCon
Opinionation
Our Games
Videos
Blog
Mobile Apps
Partnerships
Remove Ads and Go Orange
Feedback
History
US Presidents
World Leaders
Politics
Nation
Discovery
War
Decade
Year
Century
Biography
Art
History
US Presidents
World Leaders
Politics
Nation
Discovery
War
Decade
Year
Century
Biography
Art
Random Quiz
Search Sporcle
×
Quiz Lab
Quiz Lab
History
date
Type in answers that appear in a list
Type in answers that appear in a list
Classic
Best Score? Go Orange.
MORE DATES FOR AITW Stats
Can you name the MORE DATES FOR AITW?
By
jbourque222
10m
19 Questions
15 Plays
15 Plays
15 Plays
Comments
Comments
Give Quiz Kudos
Give Quiz Kudos
-
- Ratings
hide this ad
Forced Order
Answers have to be entered in order
Answers have to be entered in order
Random Order
Randomize order of answers
Randomize order of answers
Replay
Link that replays current quiz
Next Quiz
Link to next quiz in quiz playlist
You Got
0%
They Got
Avg Score
71%
Avg Friend Score
Upgrade to see
Score Distribution
Jump to the score distribution portion of the page
Score
0/19
Timer
10:00
0
Plays Today
Year
% Correct
Oda Nabunaga
1534-1582
100%
Toyotomi Hideyoshi
1536-1598
100%
Tokugawa Ieyasu
1543-1616
100%
Sengoku
1572
100%
Japan Civil War (Sengoku Jidai)
1467-1568
100%
Mamluk dynasty
1206-1290
100%
Akbar (reigns)
1556-1605
100%
End of mughal empire
1858
100%
Treaty of tordesillas
1494
100%
Vasco de gama first voyage to india
1497
100%
Year
% Correct
Manila founded
1571
100%
Qing dynasty
1644-1912
100%
Qianlong
1735-1796
100%
Zhu Yuanchang
1328-1398
100%
Ming
1368-1644
100%
Kangxi
1661-1722
100%
Yongzheng
1722-1735
100%
Tensho Embassy
1582-1590
100%
Tokugawa Japan
1600-1868
93.3%
Quiz Playlist
Details
Report
Send in Message
Add To Playlist
Classic:
Type in answers that appear in a list
Forced Order:
Answers have to be entered in order
Random Order:
Randomize order of answers
Last Updated: Feb 16, 2017
Quiz Scoreboard
CHALLENGE
Sign Up to Join the Scoreboard
Show All
Scores
Hide
Comments
May contain spoilers
Recently Published
Movies - When Are They Set?
by FPL_Elf
Movies
5m
Popular People in 1961
by mucciniale
History
6m
1-10 Letter E Words III
by El_Dandy
Language
2m
More to Explore
Quiz From the Vault
Featured Blog Post
Where Did the Easter Bunny Come From?
hide this ad
You Might Also Like...
Tags
date
Today's Top Quizzes in History
Browse History
hide this ad
Today's Top Quizzes in date
Browse date
Top Contributed Quizzes in History
1
Popular People in 1991
2
Popular People in 1981
3
Popular People in 1951
4
Popular People in 1941
5
Popular People in 1986
6
Popular People in 1976
7
Popular People in 1921
8
I Am Born On March 28th
9
Popular People in 1946
10
Popular People in 1936
Explore More
Trending Topics
Disney
Harry Potter
Anime
Crossword
NBA
Kpop
Marvel
Pokémon
The Office
Song
NFL
Country
Puzzle
Soccer
WWE
hide this ad
More By:
jbourque222
Quiz
Plays
Rating
Category
Featured
Created
Map of Asian Countries
1,464
2.40
Geography
Sep 12, 2011
Dates for AITW quiz wednesday
43
History
Oct 31, 2011
Name the four khanates
26
2.50
History
Oct 10, 2011
Important dates for quiz
22
1.00
History
Oct 10, 2011
MORE DATES FOR AITW
15
History
Dec 14, 2011
Go to Creator's Profile
Score Distribution
Quiz Creator Spotlight
jbourque222
Follow
Send a Message
Quizzes Created
-
Created Quiz Play Count
-
More By This Creator
Popular Quizzes Today
1
Find the Countries of Europe - No Outlines Minefield
2
Find the US States - No Outlines Minefield
3
The Countries of the World
4
Popular People in 1961
5
US States
6
1-10 Letter E Words III
7
Find the US States
8
One Thing in Common: World Cities II
More History Quizzes
Presidents- middle names I
Quiz Lab
Trending Quizzes
Risky Map Clicking: Least Populous States A-Z
1-10 Letter F Words
1-10 Letter G Words
One Thing in Common: United Kingdom
Risky Map Clicking: Next State Alphabetically
Recently Updated
Leaping Animals
pecheneg
Reality TV Shows (A-Z)
bhenderson79
Rickey Henderson's Hall of Fame Teammates
pecheneg
Champions League XIs: Arsenal
pecheneg
Quick Pick: Celebrities in WWE's Hall of Fame
aduchscher
A-Z Keypad Blitz II
pecheneg
Multiple Oscar Actors
pecheneg
Mystery Phrase Blitz: Oscar 'Best Actors'
pecheneg
F. Scott Fitzgerald Novels
LTH
Pick 3 Villains
ddd62291
Trending Topics
Marvel
Disney
Crossword
Harry Potter
NBA
Anime
Kpop
Country
WWE
Puzzle
The Office
Soccer
Song
NFL
Pokémon
Your Account Isn't Verified!
In order to create a playlist on Sporcle, you need to verify the email address you used during registration. Go to your
Sporcle Settings
to finish the process.
Report this User
Report this user for behavior that violates our
Community Guidelines
.
Details:
Send Report
Go to the Sporcle.com Mobile Site →
Comments